Calculus : Concepts and Applications /

Contenido: Límites, derivadas, integrales; Propiedades de los límites; Derivadas, antiderivadas e integrales infinitas; Productos, cocientes y funciones paramétricas; Integrales definidas e indefinidas; Cálculo de funciones exponenciales y logarítmicas; Cálculo de crecimiento y decaimiento; Cálculo...

Deskribapen osoa

Gorde:
Xehetasun bibliografikoak
Egile nagusia: Foerster, Paul A. (autor)
Formatua: Liburua
Hizkuntza:ingelesa
Argitaratua: Emeryville, EUA : Key Curriculum Press, 2005, c2005
Edizioa:2a edición
Gaiak:
Etiketak: Etiketa erantsi
Etiketarik gabe, Izan zaitez lehena erregistro honi etiketa jartzen!

MARC

LEADER 00000nam^a2200000^a^4500
001 000177858
005 20250521000000.0
009 20260310101728.685
020 |a 1-55953-654-3 
037 |a Acervo ITESO - Biblioteca 
041 |a ING 
082 |a 515.  |b FOE 
100 |a Foerster, Paul A.  |e (autor) 
240 1 1 |a [Calculus: Concepts and Applications] 
245 1 0 |a Calculus :  |b Concepts and Applications /  |c P.A. Foerster ; pról. de John Kenelly. 
250 |a 2a edición 
264 4 |a Emeryville, EUA :  |b Key Curriculum Press,  |c 2005, c2005 
300 |a XIV, 778 p. 
336 |a texto  |b txt  |2 rdacontenido 
337 |a sin mediación  |b n  |2 rdamedio 
338 |a volumen  |b nc  |2 rdasoporte 
520 |a Contenido: Límites, derivadas, integrales; Propiedades de los límites; Derivadas, antiderivadas e integrales infinitas; Productos, cocientes y funciones paramétricas; Integrales definidas e indefinidas; Cálculo de funciones exponenciales y logarítmicas; Cálculo de crecimiento y decaimiento; Cálculo de figuras planas y sólidas; Técnicas de cálculo algebraico para funciones elementales; Cálculo del movimiento, promedios, extremos y vectores; Calculo del producto de variable-factor; Cálculo de funciones definidas por series de potencia. 
649 |a XX 
650 |a Cálculo 
650 |a Análisis Matemático 
650 |a Matemáticas 
910 |a Fondo General 
920 |a Impresos - Libros 
930 |a Colección General 
905 |a 101 
901 |a 0500116846  |b IT1  |c ACC  |u 20250521 
902 |a https://opac.biblio.iteso.mx/vufind/Record/000177858